000
00331 a2200157 4500
001
74899
020
_a
9788516093587
040
_c
Anchieta - Colégio São Paulo
100
_a
Braz, Júlio Emílio
240
1
0
_a
Kuery
_l
por
245
1
0
_a
Kuery
300
_a
55
362
0
_a
2014
650
4
_a
Literatura infantil
942
_c
BK
999
_c
74899
_d
74899